[Event "Lipetsk-ch"]
[Site "Lipetsk"]
[Date "2009.06.21"]
[Round "9"]
[White "Sokolov, Yury"]
[Black "Filin, Alexander"]
[Result "0-1"]
[WhiteElo "1986"]
[BlackElo "2162"]
[PlyCount "78"]
[EventDate "2009.05.22"]
[EventType "swiss"]
[EventRounds "9"]
[EventCountry "RUS"]
[SourceTitle "EXT 2022"]
[Source "ChessBase"]
[SourceDate "2021.10.06"]
[SourceVersion "1"]
[SourceVersionDate "2021.10.06"]
[SourceQuality "1"]

1. e4 c5 2. Nf3 d6 3. d4 cxd4 4. Nxd4 Nc6 5. Bc4 g6 6. Be3 Bg7 7. c3 Nf6 8. Nd2 Ng4 9. Nxc6 bxc6 10. Bf4 Qb6 11. 0-0 Qxb2 12. h3 Ne5 13. Qa4 Qb7 14. Rab1 Qc7 15. Be2 0-0 16. c4 Nd7 17. Qa3 c5 18. Rb3 Bb7 19. Rg3 Rab8 20. h4 Bc6 21. h5 Rb4 22. Qe3 Bd4 23. Qd3 Ne5 24. Qc2 Rb2 25. Qd1 Qa5 26. a3 Ba4 27. Qc1 Rc2 28. Qd1 Rb8 29. hxg6 hxg6 30. Bd3 Nxd3 31. Rxd3 Rbb2 32. Qg4 Rxd2 33. Qc8+ Kg7 34. Rh3 Kf6 35. Qh8+ Ke6 36. Qc8+ Bd7 37. Qg8 Rxf2 38. Rxf2 Qe1+ 39. Kh2 Qxf2 0-1

[Event "Lipetsk Region-ch Seniors"]
[Site "Lipetsk"]
[Date "2009.03.23"]
[Round "7"]
[White "Kasantsev, Anatolij B"]
[Black "Filin, Alexander"]
[Result "0-1"]
[WhiteElo "2105"]
[BlackElo "2151"]
[PlyCount "132"]
[EventDate "2009.03.08"]
[EventType "swiss"]
[EventRounds "9"]
[EventCountry "RUS"]
[SourceTitle "EXT 2022"]
[Source "ChessBase"]
[SourceDate "2021.10.06"]
[SourceVersion "1"]
[SourceVersionDate "2021.10.06"]
[SourceQuality "1"]

1. d4 Nf6 2. c4 e6 3. Nc3 Bb4 4. Qc2 Nc6 5. Nf3 b6 6. Bd2 Bb7 7. e4 d6 8. d5 Bxc3 9. Bxc3 Ne7 10. Bxf6 gxf6 11. 0-0-0 Ng6 12. Nd4 Qe7 13. g3 0-0 14. f4 Rfe8 15. Bd3 Qf8 16. h4 Qh6 17. Kb1 Bc8 18. h5 Nf8 19. Rdf1 e5 20. fxe5 fxe5 21. Nf5 Bxf5 22. Rxf5 Re7 23. Qf2 Nd7 24. Bc2 a5 25. g4 f6 26. Ba4 Nc5 27. Bc2 Rf8 28. Rf1 Rg7 29. Qf3 Rg5 30. a3 a4 31. Qd1 Qg7 32. Rxg5 Qxg5 33. Rf5 Qe3 34. Rf3 Qd4 35. Qe2 Kg7 36. h6+ Kxh6 37. g5+ Kg7 38. Qh2 fxg5 39. Rxf8 Kxf8 40. Qxh7 Qg1+ 41. Ka2 Qf1 42. Qh8+ Ke7 43. Qg7+ Kd8 44. Qxg5+ Kc8 45. Qf5+ Qxf5 46. exf5 Kd7 47. Kb1 Ke7 48. Kc1 Kf6 49. Kd2 e4 50. Ke3 Kxf5 51. Bd1 Nd3 52. Bxa4 Nxb2 53. Bc2 Nxc4+ 54. Kd4 Nxa3 55. Bxe4+ Kf4 56. Bd3 Kf3 57. Kc3 Ke3 58. Bf1 Nb1+ 59. Kb4 Kd4 60. Kb5 Kxd5 61. Bg2+ Ke5 62. Kc6 Nc3 63. Kxc7 b5 64. Bf1 b4 65. Bc4 Kd4 66. Bb3 Kc5 0-1

[Event "Lipetsk-A 17th"]
[Site "Lipetsk"]
[Date "2008.12.12"]
[Round "7"]
[White "Airapetian, Gor"]
[Black "Filin, Alexander"]
[Result "1/2-1/2"]
[WhiteElo "2378"]
[BlackElo "2152"]
[PlyCount "106"]
[EventDate "2008.11.28"]
[EventType "tourn"]
[EventRounds "9"]
[EventCountry "RUS"]
[SourceTitle "EXT 2022"]
[Source "ChessBase"]
[SourceDate "2021.10.06"]
[SourceVersion "1"]
[SourceVersionDate "2021.10.06"]
[SourceQuality "1"]

1. e4 c5 2. Nf3 Nf6 3. e5 Nd5 4. Nc3 e6 5. Nxd5 exd5 6. d4 d6 7. Bb5+ Nc6 8. 0-0 Be7 9. Bf4 0-0 10. Bxc6 bxc6 11. exd6 Bxd6 12. Bxd6 Qxd6 13. dxc5 Qxc5 14. Qd4 Qxd4 15. Nxd4 Bd7 16. b4 a5 17. a3 Ra7 18. Nb3 axb4 19. axb4 Rfa8 20. f3 Kf8 21. Rxa7 Rxa7 22. Ra1 Rxa1+ 23. Nxa1 Ke7 24. Kf2 Kd6 25. Nb3 Bf5 26. c3 Ke5 27. Ke3 g5 28. g3 f6 29. Nc5 Bc2 30. Nd7+ Ke6 31. Nb8 Ba4 32. Kd4 Kd6 33. Na6 Bd1 34. f4 gxf4 35. gxf4 Be2 36. Nc5 Bb5 37. Nb7+ Kc7 38. Na5 Kd6 39. Nb3 Bf1 40. Na1 Ba6 41. Nc2 Bc8 42. Ne3 Bh3 43. Nd1 Bf5 44. Nf2 Bc8 45. h3 h5 46. h4 Bf5 47. Nh1 Be6 48. Ng3 Bg4 49. Nf1 Bh3 50. Nd2 Bg2 51. Nb3 Bf1 52. Nc5 Be2 53. Nb7+ Kc7 1/2-1/2

[Event "Lipetsk-A 17th"]
[Site "Lipetsk"]
[Date "2008.12.05"]
[Round "4"]
[White "Filin, Alexander"]
[Black "Skomorohov, Grigorij"]
[Result "1/2-1/2"]
[WhiteElo "2152"]
[BlackElo "2200"]
[PlyCount "50"]
[EventDate "2008.11.28"]
[EventType "tourn"]
[EventRounds "9"]
[EventCountry "RUS"]
[SourceTitle "EXT 2022"]
[Source "ChessBase"]
[SourceDate "2021.10.06"]
[SourceVersion "1"]
[SourceVersionDate "2021.10.06"]
[SourceQuality "1"]

1. c4 c5 2. Nc3 Nc6 3. g3 g6 4. Bg2 Bg7 5. Nf3 e5 6. d3 Nge7 7. Bd2 0-0 8. 0-0 Rb8 9. a3 a6 10. Ne1 b5 11. b3 d6 12. Nc2 Nd4 13. Ne3 Bb7 14. Ncd5 bxc4 15. bxc4 Nxd5 16. cxd5 Bc8 17. Ra2 Bd7 18. Re1 Bh6 19. Nc4 Bxd2 20. Qxd2 Bb5 21. Na5 Ba4 22. Qc3 Nb5 23. Qd2 Nd4 24. Qc3 Nb5 25. Qd2 Nd4 1/2-1/2

[Event "Lipetsk-A 17th"]
[Site "Lipetsk"]
[Date "2008.11.29"]
[Round "2"]
[White "Filin, Alexander"]
[Black "Kasantsev, Anatolij B"]
[Result "1-0"]
[WhiteElo "2152"]
[BlackElo "2111"]
[PlyCount "81"]
[EventDate "2008.11.28"]
[EventType "tourn"]
[EventRounds "9"]
[EventCountry "RUS"]
[SourceTitle "EXT 2022"]
[Source "ChessBase"]
[SourceDate "2021.10.06"]
[SourceVersion "1"]
[SourceVersionDate "2021.10.06"]
[SourceQuality "1"]

1. c4 Nf6 2. Nc3 c5 3. g3 d5 4. cxd5 Nxd5 5. Bg2 Nc7 6. Nf3 Nc6 7. 0-0 e5 8. a3 Bd7 9. Rb1 a5 10. d3 Be7 11. Nd2 b5 12. a4 b4 13. Nd5 Nxd5 14. Bxd5 Rc8 15. e3 0-0 16. Qh5 g6 17. Qf3 Kg7 18. b3 f6 19. Nc4 Qc7 20. Bb2 Rfd8 21. Rbc1 Bg4 22. Qxg4 Rxd5 23. Rfd1 Rcd8 24. Qe2 Qa7 25. h4 h5 26. Rd2 Bf8 27. e4 R5d7 28. g4 hxg4 29. Ne3 Kg8 30. Nxg4 Rf7 31. Qe3 Qd7 32. Qg3 Qe6 33. Rc4 Rh7 34. f4 Nd4 35. Bxd4 exd4 36. f5 Qd6 37. e5 fxe5 38. fxg6 Rh5 39. Rh2 Bg7 40. Nf2 Rf8 41. Ne4 1-0

[Event "Lipetsk Region-ch Super"]
[Site "Lipetsk"]
[Date "2007.12.19"]
[Round "8"]
[White "Filin, Alexander"]
[Black "Ajrapetian, Gevorg"]
[Result "0-1"]
[WhiteElo "2191"]
[BlackElo "2246"]
[PlyCount "114"]
[EventDate "2007.12.12"]
[EventType "tourn"]
[EventRounds "11"]
[EventCountry "RUS"]
[SourceTitle "CBM 122 Extra"]
[Source "ChessBase"]
[SourceDate "2008.03.04"]
[SourceVersion "1"]
[SourceVersionDate "2008.03.04"]
[SourceQuality "1"]

1. d4 Nf6 2. Bg5 e6 3. Nf3 Be7 4. c4 b6 5. Nc3 Bb7 6. Qc2 0-0 7. e4 d6 8. Bd3 Nfd7 9. Be3 e5 10. d5 a5 11. 0-0 Na6 12. a3 Ndc5 13. Be2 Bc8 14. Nd2 Bd7 15. b3 f5 16. f3 Bg5 17. Nd1 fxe4 18. fxe4 Rxf1+ 19. Nxf1 a4 20. b4 Nb3 21. Ra2 Nd4 22. Qd3 Qf6 23. Ng3 Rf8 24. Bf1 Qh6 25. Bxd4 exd4 26. Qxd4 Bf6 27. Qd2 Qh4 28. Qd3 Be5 29. Rf2 Rxf2 30. Nxf2 Qf4 31. Nd1 Qc1 32. Ne2 Qa1 33. h3 Be8 34. g3 Bh5 35. Kf2 Nb8 36. h4 Nd7 37. Bh3 Nf6 38. Ne3 Bxe2 39. Kxe2 Bxg3 40. Nc2 Qg1 41. Be6+ Kf8 42. Qe3 Qg2+ 43. Kd3 Be5 44. Bh3 Qh1 45. Ne1 Nh5 46. Bg2 Qxh4 47. c5 bxc5 48. bxc5 Nf4+ 49. Kc4 Qg4 50. Bf3 Qc8 51. Kb4 Qa6 52. c6 h5 53. Bd1 Qf1 54. Kxa4 g5 55. Bb3 h4 56. Nf3 Qa6+ 57. Kb4 Nd3+ 0-1

[Event "Lipetsk Region-ch Super"]
[Site "Lipetsk"]
[Date "2007.12.16"]
[Round "5"]
[White "Grishchenko, Sergey"]
[Black "Filin, Alexander"]
[Result "1-0"]
[WhiteElo "2355"]
[BlackElo "2191"]
[PlyCount "127"]
[EventDate "2007.12.12"]
[EventType "tourn"]
[EventRounds "11"]
[EventCountry "RUS"]
[SourceTitle "CBM 122 Extra"]
[Source "ChessBase"]
[SourceDate "2008.03.04"]
[SourceVersion "1"]
[SourceVersionDate "2008.03.04"]
[SourceQuality "1"]

1. Nf3 Nf6 2. g3 c5 3. c4 Nc6 4. Bg2 g6 5. 0-0 Bg7 6. Nc3 d6 7. d4 cxd4 8. Nxd4 Bd7 9. b3 0-0 10. Bb2 Rb8 11. Qd2 a6 12. Rfd1 Re8 13. Rac1 Qa5 14. Nd5 Qxd2 15. Rxd2 Nxd5 16. cxd5 Nxd4 17. Bxd4 Bxd4 18. Rxd4 Rec8 19. Rdc4 Rxc4 20. Rxc4 Bb5 21. Rc2 Kf8 22. f4 a5 23. a3 Ke8 24. Kf2 Kd8 25. Ke3 Ra8 26. Bh3 h5 27. Kd4 Be8 28. e4 f6 29. Be6 Bd7 30. Bf7 Be8 31. Be6 Bd7 32. Bf7 Be8 33. Bg8 Bb5 34. h4 Bd7 35. Rc3 Rb8 36. Bf7 Be8 37. Be6 Bd7 38. Bf7 Be8 39. Bg8 Ra8 40. Rc1 Bd7 41. Bf7 Be8 42. Be6 Bd7 43. Rc3 Rb8 44. Ke3 Ra8 45. Kf3 Bb5 46. g4 hxg4+ 47. Bxg4 Bd7 48. Be6 b5 49. Rc1 b4 50. a4 Rb8 51. f5 Be8 52. Kg4 Ra8 53. Rc4 Rb8 54. fxg6 Bxg6 55. h5 Bh7 56. h6 Ke8 57. Kf4 Kf8 58. Rc1 Ke8 59. Rg1 Kd8 60. Rg7 Kc7 61. Rxe7+ Kb6 62. Rxh7 Kc5 63. Rc7+ Kd4 64. Bc8 1-0

[Event "Lipetsk Region-ch Super"]
[Site "Lipetsk"]
[Date "2007.12.15"]
[Round "4"]
[White "Filin, Alexander"]
[Black "Zimmerman, Yuri"]
[Result "1/2-1/2"]
[WhiteElo "2191"]
[BlackElo "2352"]
[PlyCount "195"]
[EventDate "2007.12.12"]
[EventType "tourn"]
[EventRounds "11"]
[EventCountry "RUS"]
[SourceTitle "CBM 122 Extra"]
[Source "ChessBase"]
[SourceDate "2008.03.04"]
[SourceVersion "1"]
[SourceVersionDate "2008.03.04"]
[SourceQuality "1"]

1. d4 d6 2. c4 g6 3. g3 Bg7 4. Bg2 Nf6 5. Nc3 0-0 6. d5 c5 7. e4 Na6 8. Nge2 Nc7 9. 0-0 Rb8 10. a4 a6 11. a5 b5 12. axb6 Rxb6 13. Ra3 e6 14. Nf4 exd5 15. exd5 Bg4 16. f3 Bf5 17. g4 Bc8 18. Nd3 h5 19. Bg5 Qd7 20. h3 Nh7 21. Bf4 Ne8 22. Kh2 Rb4 23. Na4 g5 24. Bd2 Rb8 25. b4 cxb4 26. Nxb4 Bb7 27. Be3 f5 28. Re1 Nef6 29. Nb6 Qc7 30. gxf5 Nd7 31. Nxa6 Bxa6 32. Nxd7 Qxd7 33. Rxa6 Qxf5 34. Kh1 Rfe8 35. Rb6 Bc3 36. Rg1 Rxb6 37. Bxb6 Qf4 38. Qc1 Qxc4 39. f4 Qd3 40. fxg5 Qg3 41. Qc2 Nf8 42. Bf2 Qe5 43. Qd3 Ra8 44. Bg3 Qd4 45. Qf5 Bb4 46. Rf1 Qg7 47. Bf3 Ra3 48. Kg2 Ra2+ 49. Rf2 Rxf2+ 50. Bxf2 Qg6 51. Be4 Qxf5 52. Bxf5 Kf7 53. Kf3 Ng6 54. Be6+ Kf8 55. Bg3 Ke8 56. Ke4 Bd2 57. Bxd6 Bxg5 58. Kf5 Be7 59. Bxe7 Nxe7+ 60. Kg5 Nxd5 61. Bxd5 Kf8 62. Kg6 h4 63. Bf7 Ke7 64. Kg7 Kd7 65. Kf6 Kd8 66. Ke6 Kc8 67. Ke7 Kc7 68. Be8 Kc8 69. Ba4 Kc7 70. Bd7 Kb8 71. Kd6 Kb7 72. Be6 Kb8 73. Kc6 Ka7 74. Kc7 Ka8 75. Kb6 Kb8 76. Bf5 Ka8 77. Kc6 Kb8 78. Kd6 Kb7 79. Kd7 Kb8 80. Be4 Ka7 81. Kc7 Ka6 82. Bf3 Ka7 83. Bd5 Ka6 84. Kd7 Kb6 85. Kd6 Ka7 86. Ke6 Kb6 87. Bb3 Kc7 88. Ke7 Kc8 89. Ke8 Kc7 90. Be6 Kd6 91. Kf7 Kc7 92. Ke7 Kc6 93. Ba2 Kc7 94. Bb3 Kc8 95. Kd6 Kd8 96. Ba4 Kc8 97. Bb5 Kd8 98. Bd7 1/2-1/2

[Event "Lipetsk Region-ch"]
[Site "Lipetsk"]
[Date "2007.11.22"]
[Round "6"]
[White "Grishchenko, Sergey"]
[Black "Filin, Alexander"]
[Result "1-0"]
[WhiteElo "2355"]
[BlackElo "2191"]
[PlyCount "73"]
[EventDate "2007.11.18"]
[EventType "swiss"]
[EventRounds "9"]
[EventCountry "RUS"]
[SourceTitle "CBM 121 Extra"]
[Source "ChessBase"]
[SourceDate "2008.01.10"]
[SourceVersion "1"]
[SourceVersionDate "2008.01.10"]
[SourceQuality "1"]

1. e4 e5 2. Nf3 Nc6 3. Bb5 Nf6 4. d3 Bc5 5. 0-0 d6 6. c3 Bb6 7. Nbd2 0-0 8. h3 Ne7 9. d4 Ng6 10. Re1 c6 11. Bf1 Re8 12. Qc2 Be6 13. dxe5 dxe5 14. Nc4 Bc7 15. a4 Nh5 16. Bg5 f6 17. Rad1 Qe7 18. Bc1 Qf7 19. Ne3 Kh8 20. Nd2 Nhf4 21. Kh2 Ne7 22. Bc4 g6 23. Qb3 Rab8 24. g3 Bxc4 25. Ndxc4 Qe6 26. gxf4 exf4 27. Ng4 f3+ 28. e5 h5 29. Nxf6 Qxf6 30. Nd6 Bxd6 31. Rxd6 Qh4 32. Qc2 Nd5 33. Re4 Qe7 34. Rxg6 Rg8 35. Rh6+ Kg7 36. Rf4 Kxh6 37. Rf7+ 1-0

[Event "Lipetsk Region-ch"]
[Site "Lipetsk"]
[Date "2007.11.21"]
[Round "5"]
[White "Filin, Alexander"]
[Black "Venevtsev, Andrey"]
[Result "1/2-1/2"]
[WhiteElo "2191"]
[BlackElo "2148"]
[PlyCount "98"]
[EventDate "2007.11.18"]
[EventType "swiss"]
[EventRounds "9"]
[EventCountry "RUS"]
[SourceTitle "CBM 121 Extra"]
[Source "ChessBase"]
[SourceDate "2008.01.10"]
[SourceVersion "1"]
[SourceVersionDate "2008.01.10"]
[SourceQuality "1"]

1. c4 e5 2. Nf3 Nc6 3. d4 exd4 4. Nxd4 Nf6 5. Nc3 Bb4 6. Nc2 Bxc3+ 7. bxc3 0-0 8. Bg5 h6 9. Bh4 d6 10. Nd4 Ne5 11. e3 Re8 12. Be2 Ng6 13. Bg3 a6 14. Bf3 Ne5 15. Be2 Qe7 16. Qc2 Be6 17. c5 Bd5 18. cxd6 Qxd6 19. 0-0 Ne4 20. c4 Nxg3 21. hxg3 Bc6 22. c5 Qd5 23. Bf3 Nxf3+ 24. gxf3 Re5 25. Rac1 Rh5 26. Kg2 Re8 27. Qd1 Ree5 28. e4 Qd7 29. Nf5 Qxd1 30. Rfxd1 Rhxf5 31. exf5 Rxf5 32. Rc3 g5 33. g4 Rf4 34. Kg3 Kg7 35. Rd8 h5 36. gxh5 Kh6 37. Rh8+ Kg7 38. Rc8 Kh6 39. Rxc7 Kxh5 40. Re7 Kg6 41. a3 Rh4 42. Rd3 Rc4 43. Re5 f6 44. Rd6 Rc3 45. Re3 Rxc5 46. f4 gxf4+ 47. Kxf4 Rf5+ 48. Kg3 Rg5+ 49. Kf4 Rf5+ 1/2-1/2

[Event "Lipetsk Region-ch"]
[Site "Lipetsk"]
[Date "2007.11.19"]
[Round "2"]
[White "Nikiforov, Vladimir"]
[Black "Filin, Alexander"]
[Result "0-1"]
[WhiteElo "2267"]
[BlackElo "2191"]
[PlyCount "114"]
[EventDate "2007.11.18"]
[EventType "swiss"]
[EventRounds "9"]
[EventCountry "RUS"]
[SourceTitle "CBM 121 Extra"]
[Source "ChessBase"]
[SourceDate "2008.01.10"]
[SourceVersion "1"]
[SourceVersionDate "2008.01.10"]
[SourceQuality "1"]

1. e4 c5 2. Nf3 Nf6 3. e5 Nd5 4. c3 e6 5. d4 cxd4 6. cxd4 Nc6 7. Be2 Bb4+ 8. Bd2 Qb6 9. a3 Be7 10. Bc3 0-0 11. Qd2 f6 12. 0-0 d6 13. Bc4 fxe5 14. Bxd5 exd4 15. Bxe6+ Bxe6 16. Nxd4 Bc4 17. Re1 Bh4 18. Nf3 Rxf3 19. gxf3 Ne5 20. Bxe5 dxe5 21. Nc3 Qg6+ 22. Kh1 Qh5 23. Rg1 Qxf3+ 24. Rg2 Rf8 25. Qd7 Bf7 26. Kg1 h5 27. Re1 Bxf2+ 28. Rxf2 Qxf2+ 29. Kxf2 Be6+ 30. Kg3 Bxd7 31. Rxe5 Bc6 32. Nd5 Be8 33. Nf4 h4+ 34. Kg4 Bd7+ 35. Kg5 Kh7 36. b4 h3 37. Rd5 Rf7 38. Re5 Rf6 39. Rd5 Bc8 40. Rc5 Rf8 41. Re5 b6 42. Rd5 Rf6 43. Re5 Rc6 44. Re3 a5 45. bxa5 Rc5+ 46. Kh4 g5+ 47. Kg3 gxf4+ 48. Kxf4 Rf5+ 49. Kg3 Rxa5 50. Rc3 Bd7 51. Re3 Kg6 52. Rb3 Rg5+ 53. Kf4 b5 54. Rd3 Be6 55. Re3 Rf5+ 56. Kg3 Kf6 57. Rc3 Rg5+ 0-1

[Event "Lipetsk op 11th"]
[Site "Lipetsk"]
[Date "2007.08.10"]
[Round "6"]
[White "Filin, Alexander"]
[Black "Ruchkin, Ivan"]
[Result "1/2-1/2"]
[WhiteElo "2139"]
[BlackElo "2053"]
[PlyCount "50"]
[EventDate "2007.08.05"]
[EventType "swiss"]
[EventRounds "9"]
[EventCountry "RUS"]
[SourceTitle "EXT 2022"]
[Source "ChessBase"]
[SourceDate "2021.10.06"]
[SourceVersion "1"]
[SourceVersionDate "2021.10.06"]
[SourceQuality "1"]

1. e4 c5 2. Ne2 Nc6 3. Nbc3 g6 4. d4 cxd4 5. Nxd4 Bg7 6. Be3 Nf6 7. f3 0-0 8. Bc4 Qb6 9. Bb3 Nxe4 10. fxe4 Bxd4 11. Bxd4 Qxd4 12. Qxd4 Nxd4 13. Nd5 Nxb3 14. Nxe7+ Kg7 15. axb3 Re8 16. Nxc8 Raxc8 17. 0-0-0 Re7 18. Rd4 Rce8 19. Rhd1 Rxe4 20. Rxd7 b6 21. Kd2 a5 22. c4 Kf6 23. Rd6+ R8e6 24. Rd5 R6e5 25. Rd6+ Re6 1/2-1/2

[Event "Lipetsk op 11th"]
[Site "Lipetsk"]
[Date "2007.08.07"]
[Round "3"]
[White "Filin, Alexander"]
[Black "Titov, Sergey"]
[Result "1-0"]
[WhiteElo "2139"]
[BlackElo "2101"]
[PlyCount "81"]
[EventDate "2007.08.05"]
[EventType "swiss"]
[EventRounds "9"]
[EventCountry "RUS"]
[SourceTitle "EXT 2022"]
[Source "ChessBase"]
[SourceDate "2021.10.06"]
[SourceVersion "1"]
[SourceVersionDate "2021.10.06"]
[SourceQuality "1"]

1. Nf3 d5 2. g3 Nf6 3. Bg2 g6 4. 0-0 Bg7 5. d3 0-0 6. Nbd2 Nbd7 7. e4 dxe4 8. Nxe4 h6 9. Qe2 c6 10. c3 g5 11. Rd1 Qc7 12. h4 g4 13. Nd4 Nxe4 14. dxe4 Ne5 15. Bf4 a6 16. Nf5 h5 17. Qe3 Bxf5 18. exf5 Rad8 19. Rd4 f6 20. Rad1 Qc8 21. Qe4 Rxd4 22. cxd4 Qd7 23. Re1 Nf7 24. Qxe7 Qxd4 25. Qxb7 Ne5 26. Bxc6 Nd3 27. Be3 Qxb2 28. Qxb2 Nxb2 29. Rb1 Nd3 30. Bd5+ Kh8 31. Bc4 Ne5 32. Bxa6 Ra8 33. Rb6 Rd8 34. Be2 Nf3+ 35. Kf1 Rd5 36. a4 Nd4 37. Rb8+ Kh7 38. Bc4 Nc6 39. Bxd5 Nxb8 40. Bb7 Bf8 41. a5 1-0

[Event "Lipetsk op 11th"]
[Site "Lipetsk"]
[Date "2007.08.06"]
[Round "2"]
[White "Malinin, Sergey Alekseevich"]
[Black "Filin, Alexander"]
[Result "1/2-1/2"]
[WhiteElo "2071"]
[BlackElo "2139"]
[PlyCount "20"]
[EventDate "2007.08.05"]
[EventType "swiss"]
[EventRounds "9"]
[EventCountry "RUS"]
[SourceTitle "EXT 2022"]
[Source "ChessBase"]
[SourceDate "2021.10.06"]
[SourceVersion "1"]
[SourceVersionDate "2021.10.06"]
[SourceQuality "1"]

1. d4 d5 2. c4 e6 3. Nc3 Nf6 4. Bg5 Be7 5. e3 0-0 6. Nf3 Nbd7 7. Bd3 b6 8. 0-0 Bb7 9. Rc1 Rc8 10. h3 c5 1/2-1/2

[Event "Lipetsk op 11th"]
[Site "Lipetsk"]
[Date "2007.08.05"]
[Round "1"]
[White "Filin, Alexander"]
[Black "Osipov, Alexander1111"]
[Result "1-0"]
[WhiteElo "2139"]
[BlackElo "2024"]
[PlyCount "109"]
[EventDate "2007.08.05"]
[EventType "swiss"]
[EventRounds "9"]
[EventCountry "RUS"]
[SourceTitle "EXT 2022"]
[Source "ChessBase"]
[SourceDate "2021.10.06"]
[SourceVersion "1"]
[SourceVersionDate "2021.10.06"]
[SourceQuality "1"]

1. Nf3 d5 2. b3 c5 3. Bb2 e6 4. e3 Nf6 5. Be2 Bd6 6. 0-0 0-0 7. d3 Nc6 8. Nbd2 b5 9. e4 Ng4 10. h3 Nh6 11. Re1 Bb7 12. exd5 exd5 13. c4 bxc4 14. dxc4 Nf5 15. cxd5 Nb4 16. Nc4 Bxd5 17. g4 Ne7 18. a3 Nbc6 19. Qd2 Bc7 20. Rad1 Qb8 21. Qe3 Qb7 22. Qxc5 Nd8 23. Qxe7 Bh2+ 24. Kxh2 Qxe7 25. Rxd5 Qb7 26. Ne3 Qxb3 27. Rb5 Qa4 28. Rb4 Qe8 29. Bb5 Nc6 30. Ne5 Nxe5 31. Bxe8 Nf3+ 32. Kg3 Nxe1 33. Bc6 Nd3 34. Bxa8 Nxb4 35. Be4 Na2 36. Nf5 Rb8 37. Bxg7 Rb3+ 38. f3 Rxa3 39. Bd4 Ra4 40. Nh6+ Kf8 41. Bc5+ Kg7 42. Nf5+ Kg8 43. Ne7+ Kg7 44. Bd4+ Kf8 45. Nc6 Ra6 46. Be3 Nc3 47. Nxa7 Nxe4+ 48. fxe4 Ke7 49. Nb5 f6 50. Nc7 Ra3 51. Kf4 Kd7 52. Nd5 Ke6 53. h4 Ra5 54. Bd4 Ra2 55. Bxf6 1-0